000 00618nam a22001817a 4500
999 _c173373
_d173373
005 20200222144212.0
010 _aA-338643
020 _c50.00
035 _aA-338643
037 _bCen Lib/Ret
082 _a921
100 _aعتیق الرحمان عوثمانی
245 _aماہنا مہ بورہان کی تاریچی اشاعت /
_cعتیق الرحمان عوثمانی
246 _aMahna Ma Burhan ki Tarikhi Ashaat /
_bby Ateeq-ur-Rehman Usmani ; edited by Jameel Muhri
260 _aDelhi
_bUrdu Academy
_c1987 ء
300 _a559p.
_c24cm(Hb)
942 _2ddc
_cUR
_h921
_mع ت ی